Quiz de culture générale - Statistiques

Statistiques générales
  • Ce quiz a été pris 80 fois
  • Le résultat moyen est 4 sur 15
Statistiques - réponses
Question Réponse % Correct
Dans le sketch Télémagouilles des Inconnus, de quelle princesse le personnage joué par Didier Bourdon est-il fan ? Stéphanie de Monaco
60%
Dans quelle département français se situe la ville de Oyonnax ? Ain
46%
A quel âge atteint-on la majorité aux Etats-Unis ? 18 ans
44%
Dans quel pays trouve-t-on les lignes de Nazca ? Pérou
43%
Dans quel pays êtes-vous si on vous dit kalimera ? Grèce
39%
Quelle actrice joue le rôle de Odile Deray dans La cité de la peur ? Chantal Lauby
36%
Qu'est-ce que la coulrophobie ? La peur des clowns
34%
Dans quel pays la chaîne de restauration rapide Burger King est-elle connue sous le nom de Hungry Jack's ? Australie
27%
Qui est l'auteur du Livre de la Jungle ? Rudyard Kipling
26%
Quel mangaka a écrit Dragon Ball Z ? Akira Toriyama
21%
Quelle est la capitale de la province canadienne de l'Alberta ? Edmonton
17%
Qui est la personnification spectrale de la mort dans le folklore breton ? Ankou
11%
Quelle est la première femme noire à avoir refusé de céder sa place à un passager blanc lors de la ségrégation raciale aux Etats-Unis ? Claudette Colvin
11%
Quel écrivain britannique a pour vrai nom Eric Arthur Blair ? George Orwell
10%
Comment s'appelle la monnaie albanaise ? Lek
7%
Aucun quiz correspondant
Distribution des résultats
% des personnes avec chaque résultat
Percentile par nombre de réponses
Votre historique - résultats
Vous n’avez pas pris ce quiz